| 000 | 00514nam a22001697a 4500 | ||
|---|---|---|---|
| 003 | NUST | ||
| 038 | _aZafar Iqbal Malik | ||
| 082 | _a200 | ||
| 100 |
_aAhmed, Azib _9127707 |
||
| 245 |
_aGRAPHENE BASED RIS FOR THZ WIRELESS COMMUNICATION _cAzib Ahmed |
||
| 264 |
_aIslamabad _bSEECS NUST _c2024 |
||
| 300 |
_a112, p. _c35 cm. |
||
| 650 |
_aMS-Electrical Engineering _923567 |
||
| 700 |
_aSupervisor: DR. MOHAIRA AHMAD _9106938 |
||
| 856 | _uhttp://10.250.8.41:8080/xmlui/handle/123456789/49087 | ||
| 942 |
_2ddc _cSC |
||
| 999 |
_c612755 _d612755 |
||